[Event "Russian Blitz Championship (m)"]
[Site "Sochi"]
[Date "2022.10.14"]
[Round "3.5"]
[White "Pridorozhni, Aleksei"]
[Black "Iljin, Timofey"]
[Result "1-0"]
[BlackElo "2404"]
[WhiteElo "2581"]
[LiveChessVersion "1.4.8"]

1. e4 {[%clk 0:03:03]} c5 {[%clk 0:03:04]} 2. Nc3 {[%clk 0:03:03]} Nc6
{[%clk 0:03:05]} 3. Bb5 {[%clk 0:03:04]} Nd4 {[%clk 0:03:06]} 4. Nf3
{[%clk 0:03:04]} Nxb5 {[%clk 0:03:01]} 5. Nxb5 {[%clk 0:03:05]} d6
{[%clk 0:03:03]} 6. d4 {[%clk 0:03:04]} Nf6 {[%clk 0:03:04]} 7. Nc3
{[%clk 0:03:04]} cxd4 {[%clk 0:02:57]} 8. Qxd4 {[%clk 0:03:05]} e5
{[%clk 0:02:55]} 9. Qd3 {[%clk 0:03:05]} h6 {[%clk 0:02:55]} 10. Nd2
{[%clk 0:03:06]} Be7 {[%clk 0:02:55]} 11. Nc4 {[%clk 0:03:06]} O-O
{[%clk 0:02:56]} 12. Ne3 {[%clk 0:03:06]} Be6 {[%clk 0:02:52]} 13. O-O
{[%clk 0:03:05]} Rc8 {[%clk 0:02:52]} 14. b3 {[%clk 0:03:04]} Nd7
{[%clk 0:02:29]} 15. f3 {[%clk 0:02:54]} Nc5 {[%clk 0:02:26]} 16. Qd2
{[%clk 0:02:50]} Bg5 {[%clk 0:02:05]} 17. Qe1 {[%clk 0:02:45]} Bxe3+
{[%clk 0:01:31]} 18. Bxe3 {[%clk 0:02:46]} f5 {[%clk 0:01:32]} 19. Rd1
{[%clk 0:02:36]} Qe7 {[%clk 0:01:30]} 20. exf5 {[%clk 0:02:28]} Bxf5
{[%clk 0:01:31]} 21. Nd5 {[%clk 0:02:26]} Qf7 {[%clk 0:01:32]} 22. Rf2
{[%clk 0:02:12]} a6 {[%clk 0:01:28]} 23. Rfd2 {[%clk 0:02:06]} b5
{[%clk 0:01:17]} 24. Nb6 {[%clk 0:01:42]} Rc6 {[%clk 0:01:18]} 25. Rxd6
{[%clk 0:01:42]} Rxd6 {[%clk 0:01:17]} 26. Rxd6 {[%clk 0:01:43]} Ne6
{[%clk 0:01:17]} 27. Nd7 {[%clk 0:01:37]} Rc8 {[%clk 0:01:17]} 28. Nxe5
{[%clk 0:01:28]} Qe7 {[%clk 0:01:15]} 29. Rxa6 {[%clk 0:01:10]} Rxc2
{[%clk 0:01:14]} 30. g4 {[%clk 0:00:59]} Nc5 {[%clk 0:01:02]} 31. Ra8+
{[%clk 0:00:47]} Kh7 {[%clk 0:01:04]} 32. Bf2 {[%clk 0:00:44]} Rxf2
{[%clk 0:00:34]} 33. Qxf2 {[%clk 0:00:34]} Qxe5 {[%clk 0:00:34]} 34. gxf5
{[%clk 0:00:34]} Nd3 {[%clk 0:00:30]} 35. Qd2 {[%clk 0:00:31]} Qxf5
{[%clk 0:00:24]} 36. Rd8 {[%clk 0:00:23]} Ne5 {[%clk 0:00:24]} 37. Qd1
{[%clk 0:00:10]} Nxf3+ {[%clk 0:00:24]} 38. Kh1 {[%clk 0:00:11]} Ne5
{[%clk 0:00:20]} 39. Qe2 {[%clk 0:00:10]} Qb1+ {[%clk 0:00:07]} 40. Rd1
{[%clk 0:00:10]} Qf5 {[%clk 0:00:07]} 41. Rf1 {[%clk 0:00:10]} Qg5
{[%clk 0:00:05]} 42. Qe4+ {[%clk 0:00:09]} Kg8 {[%clk 0:00:06]} 43. Rd1
{[%clk 0:00:06]} Ng6 {[%clk 0:00:06]} 44. Qd5+ {[%clk 0:00:07]} Qxd5+
{[%clk 0:00:03]} 45. Rxd5 {[%clk 0:00:08]} b4 46. Rd4 {[%clk 0:00:08]} Ne5
{[%clk 0:00:05]} 47. Rxb4 {[%clk 0:00:09]} Nd3 {[%clk 0:00:07]} 48. Rb8+
{[%clk 0:00:10]} Kf7 {[%clk 0:00:08]} 49. a4 {[%clk 0:00:10]} Ke6
{[%clk 0:00:10]} 50. a5 {[%clk 0:00:12]} Kd7 {[%clk 0:00:12]} 51. a6 Kc7
{[%clk 0:00:13]} 52. a7 {[%clk 0:00:14]} Nf2+ {[%clk 0:00:14]} 53. Kg2
{[%clk 0:00:15]} Ng4 {[%clk 0:00:15]} 54. a8=Q {[%clk 0:00:15]} Ne3+
{[%clk 0:00:17]} 55. Kh1 Nf5 56. Qa7+ {[%clk 0:00:17]} Kd6 {[%clk 0:00:20]} 57.
Rb6+ Ke5 58. Rb5+ {[%clk 0:00:19]} Kf4 {[%clk 0:00:23]} 59. Rxf5+ Kxf5 60. Qxg7
{[%clk 0:00:19]} h5 {[%clk 0:00:26]} 61. h4 {[%clk 0:00:20]} Kf4 {[%clk 0:00:27]}
62. Qg5+ {[%clk 0:00:20]} Kf3 {[%clk 0:00:29]} 63. Qxh5+ Kg3 64. Qf5
{[%clk 0:00:19]} Kxh4 {[%clk 0:00:31]} 65. Qg6 {[%clk 0:00:17]} Kh3
{[%clk 0:00:33]} 66. Kg1 {[%clk 0:00:17]} Kh4 {[%clk 0:00:34]} 67. Kf2 Kh3 68.
Qg3# 1-0

[Event "Russian Blitz Championship (m)"]
[Site "Sochi"]
[Date "2022.10.14"]
[Round "3.6"]
[White "Timofeev, Artyom"]
[Black "Lugovskoy, Maxim"]
[Result "1/2-1/2"]
[BlackElo "2394"]
[WhiteElo "2579"]
[LiveChessVersion "1.4.8"]

1. e4 {[%clk 0:03:02]} e6 {[%clk 0:03:03]} 2. Qe2 {[%clk 0:03:02]} c5
{[%clk 0:02:54]} 3. Nf3 {[%clk 0:03:02]} Nc6 {[%clk 0:02:54]} 4. g3
{[%clk 0:03:02]} g6 {[%clk 0:02:55]} 5. Bg2 {[%clk 0:03:01]} Bg7 {[%clk 0:02:56]}
6. d3 {[%clk 0:02:59]} Nge7 {[%clk 0:02:57]} 7. h4 {[%clk 0:02:58]} h6
{[%clk 0:02:54]} 8. O-O {[%clk 0:02:52]} O-O {[%clk 0:02:52]} 9. Re1
{[%clk 0:02:46]} b6 {[%clk 0:02:52]} 10. Nbd2 {[%clk 0:02:45]} Bb7
{[%clk 0:02:53]} 11. Nf1 {[%clk 0:02:44]} d5 {[%clk 0:02:53]} 12. c3
{[%clk 0:02:38]} a5 {[%clk 0:02:38]} 13. e5 {[%clk 0:02:29]} b5 {[%clk 0:02:32]}
14. N1h2 {[%clk 0:02:27]} b4 {[%clk 0:02:22]} 15. Ng4 {[%clk 0:02:27]} Nf5
{[%clk 0:02:23]} 16. Bf4 {[%clk 0:02:22]} bxc3 {[%clk 0:02:15]} 17. bxc3
{[%clk 0:02:23]} d4 {[%clk 0:02:13]} 18. c4 {[%clk 0:02:22]} Qe7 {[%clk 0:01:35]}
19. Rab1 {[%clk 0:02:19]} Rab8 {[%clk 0:01:30]} 20. Nf6+ {[%clk 0:02:17]} Kh8
{[%clk 0:01:29]} 21. g4 {[%clk 0:02:16]} Nxh4 {[%clk 0:01:18]} 22. Nxh4
{[%clk 0:02:17]} Nb4 {[%clk 0:00:49]} 23. g5 {[%clk 0:02:13]} Bxg2
{[%clk 0:00:43]} 24. gxh6 {[%clk 0:01:59]} Bxf6 {[%clk 0:00:43]} 25. exf6
{[%clk 0:01:59]} Qd7 {[%clk 0:00:36]} 26. Bxb8 {[%clk 0:01:56]} Ba8
{[%clk 0:00:36]} 27. Bg3 {[%clk 0:01:52]} e5 {[%clk 0:00:27]} 28. f3
{[%clk 0:01:33]} g5 {[%clk 0:00:22]} 29. Ng2 {[%clk 0:01:26]} Qh3
{[%clk 0:00:21]} 30. Rxb4 {[%clk 0:01:10]} axb4 {[%clk 0:00:21]} 31. Qf2
{[%clk 0:01:11]} Qf5 {[%clk 0:00:19]} 32. Rxe5 {[%clk 0:01:07]} Qxd3
{[%clk 0:00:20]} 33. Kh2 {[%clk 0:01:03]} Qg6 {[%clk 0:00:19]} 34. Rxc5
{[%clk 0:00:55]} d3 {[%clk 0:00:20]} 35. Ne3 {[%clk 0:00:52]} Rd8
{[%clk 0:00:17]} 36. Nd5 {[%clk 0:00:44]} Qh5+ {[%clk 0:00:19]} 37. Kg1
{[%clk 0:00:44]} d2 {[%clk 0:00:17]} 38. Qxd2 {[%clk 0:00:44]} Qxf3
{[%clk 0:00:18]} 39. Qxg5 {[%clk 0:00:23]} Rg8 {[%clk 0:00:11]} 40. Rc8
{[%clk 0:00:24]} Qd1+ {[%clk 0:00:13]} 41. Kf2 {[%clk 0:00:11]} Qc2+
{[%clk 0:00:14]} 42. Ke1 {[%clk 0:00:08]} Qb1+ {[%clk 0:00:13]} 43. Ke2
{[%clk 0:00:08]} Qc2+ {[%clk 0:00:13]} 44. Qd2 {[%clk 0:00:09]} Qe4+
{[%clk 0:00:10]} 45. Qe3 {[%clk 0:00:09]} Qc2+ {[%clk 0:00:09]} 46. Qd2
{[%clk 0:00:10]} Qe4+ {[%clk 0:00:05]} 47. Qe3 {[%clk 0:00:11]} Qc2+
{[%clk 0:00:06]} 48. Qd2 {[%clk 0:00:13]} Qe4+ {[%clk 0:00:06]} 49. Qe3
{[%clk 0:00:14]} 1/2-1/2

[Event "Russian Blitz Championship (m)"]
[Site "Sochi"]
[Date "2022.10.14"]
[Round "3.7"]
[White "Shubin, Kirill"]
[Black "Dobrov, Vladimir"]
[Result "1/2-1/2"]
[BlackElo "2575"]
[WhiteElo "2416"]
[LiveChessVersion "1.4.8"]

1. e4 {[%clk 0:03:03]} c5 {[%clk 0:03:03]} 2. Nf3 {[%clk 0:03:03]} Nc6
{[%clk 0:03:04]} 3. Bb5 {[%clk 0:03:03]} e6 {[%clk 0:03:04]} 4. b3
{[%clk 0:02:58]} Nge7 {[%clk 0:02:59]} 5. Bb2 {[%clk 0:02:57]} Ng6
{[%clk 0:02:31]} 6. O-O {[%clk 0:02:51]} Qc7 {[%clk 0:01:55]} 7. Re1
{[%clk 0:02:40]} a6 {[%clk 0:01:56]} 8. Bf1 {[%clk 0:02:36]} d6 {[%clk 0:01:56]}
9. a4 {[%clk 0:02:26]} b6 {[%clk 0:01:56]} 10. c3 {[%clk 0:02:19]} Be7
{[%clk 0:01:56]} 11. d4 {[%clk 0:02:19]} O-O {[%clk 0:01:56]} 12. d5
{[%clk 0:02:08]} exd5 {[%clk 0:01:56]} 13. exd5 {[%clk 0:02:08]} Nce5
{[%clk 0:01:57]} 14. Nxe5 {[%clk 0:02:06]} Nxe5 {[%clk 0:01:58]} 15. c4
{[%clk 0:02:01]} Bg4 {[%clk 0:01:28]} 16. Qd2 {[%clk 0:01:47]} Rae8
{[%clk 0:01:20]} 17. Nc3 {[%clk 0:01:47]} f5 {[%clk 0:01:10]} 18. Ne2
{[%clk 0:01:08]} f4 {[%clk 0:00:45]} 19. Nc3 {[%clk 0:00:58]} Qd7
{[%clk 0:00:28]} 20. Ne4 {[%clk 0:00:53]} Qf5 {[%clk 0:00:29]} 21. Bxe5
{[%clk 0:00:51]} dxe5 {[%clk 0:00:24]} 22. d6 {[%clk 0:00:50]} Bd8
{[%clk 0:00:25]} 23. a5 {[%clk 0:00:41]} bxa5 {[%clk 0:00:24]} 24. Qd5+
{[%clk 0:00:38]} Kh8 {[%clk 0:00:25]} 25. Qxc5 {[%clk 0:00:37]} f3
{[%clk 0:00:26]} 26. g3 {[%clk 0:00:37]} Bh3 {[%clk 0:00:27]} 27. Bd3
{[%clk 0:00:36]} Qh5 {[%clk 0:00:27]} 28. Qd5 {[%clk 0:00:22]} Re6
{[%clk 0:00:23]} 29. Nc5 {[%clk 0:00:12]} Rh6 {[%clk 0:00:23]} 30. Rxe5
{[%clk 0:00:13]} Bf5 {[%clk 0:00:21]} 31. h4 {[%clk 0:00:14]} Bxh4 32. Rxf5 Rxf5
{[%clk 0:00:05]} 33. Qa8+ {[%clk 0:00:14]} 1/2-1/2

[Event "Russian Blitz Championship (m)"]
[Site "Sochi"]
[Date "2022.10.14"]
[Round "3.8"]
[White "Saidov, Bilukhadzh"]
[Black "Afanasiev, Nikita"]
[Result "1/2-1/2"]
[BlackElo "2541"]
[WhiteElo "2378"]
[LiveChessVersion "1.4.8"]

1. d4 {[%clk 0:03:03]} g6 {[%clk 0:03:03]} 2. Nf3 {[%clk 0:03:02]} Bg7
{[%clk 0:03:04]} 3. e4 {[%clk 0:03:02]} d6 {[%clk 0:03:05]} 4. Nc3
{[%clk 0:03:03]} a6 {[%clk 0:03:06]} 5. a4 {[%clk 0:02:59]} Nd7 {[%clk 0:03:06]}
6. Bc4 {[%clk 0:02:58]} e6 {[%clk 0:03:06]} 7. O-O {[%clk 0:02:57]} b6
{[%clk 0:03:08]} 8. Qe2 {[%clk 0:02:54]} Bb7 {[%clk 0:03:08]} 9. h3
{[%clk 0:02:52]} Ne7 {[%clk 0:03:06]} 10. Be3 {[%clk 0:02:50]} O-O
{[%clk 0:03:05]} 11. Rfe1 {[%clk 0:02:48]} Nf6 {[%clk 0:03:03]} 12. Bg5
{[%clk 0:02:37]} h6 {[%clk 0:03:04]} 13. Bxf6 {[%clk 0:02:35]} Bxf6
{[%clk 0:03:04]} 14. Rad1 {[%clk 0:02:25]} Bg7 {[%clk 0:03:05]} 15. e5
{[%clk 0:02:21]} d5 {[%clk 0:03:02]} 16. Bd3 {[%clk 0:02:21]} c5 {[%clk 0:03:03]}
17. Qd2 {[%clk 0:02:17]} Qc7 {[%clk 0:03:00]} 18. Qf4 {[%clk 0:02:06]} f5
{[%clk 0:02:56]} 19. Bf1 {[%clk 0:01:55]} Rac8 {[%clk 0:02:46]} 20. h4
{[%clk 0:01:49]} Qd7 {[%clk 0:02:41]} 21. g3 {[%clk 0:01:49]} Nc6
{[%clk 0:02:34]} 22. Bg2 {[%clk 0:01:20]} Qe7 {[%clk 0:02:23]} 23. Ne2
{[%clk 0:01:15]} Nb4 {[%clk 0:02:19]} 24. c3 {[%clk 0:01:07]} Nc6
{[%clk 0:02:21]} 25. Qe3 {[%clk 0:01:02]} Na5 {[%clk 0:02:17]} 26. Nf4
{[%clk 0:00:56]} Qe8 {[%clk 0:02:18]} 27. dxc5 {[%clk 0:00:44]} bxc5
{[%clk 0:02:19]} 28. b4 {[%clk 0:00:41]} Nc4 {[%clk 0:02:17]} 29. Qe2
{[%clk 0:00:41]} cxb4 {[%clk 0:02:11]} 30. cxb4 {[%clk 0:00:41]} Bc6
{[%clk 0:02:11]} 31. Nd4 {[%clk 0:00:31]} Bxa4 {[%clk 0:02:10]} 32. Ndxe6
{[%clk 0:00:29]} Bxd1 {[%clk 0:02:10]} 33. Qxd1 {[%clk 0:00:29]} Kh7
{[%clk 0:01:57]} 34. Nxf8+ {[%clk 0:00:29]} Qxf8 {[%clk 0:01:58]} 35. Ne6
{[%clk 0:00:27]} Qxb4 {[%clk 0:01:55]} 36. Nxg7 {[%clk 0:00:25]} Kxg7
{[%clk 0:01:56]} 37. h5 {[%clk 0:00:25]} d4 {[%clk 0:01:46]} 38. e6
{[%clk 0:00:25]} d3 {[%clk 0:01:44]} 39. e7 {[%clk 0:00:21]} Re8 {[%clk 0:01:46]}
40. Qa1+ {[%clk 0:00:18]} Nb2 {[%clk 0:01:43]} 41. Rb1 {[%clk 0:00:14]} d2
{[%clk 0:01:40]} 42. Bf3 {[%clk 0:00:08]} Rxe7 {[%clk 0:01:26]} 43. Rxb2
{[%clk 0:00:05]} Re1+ {[%clk 0:00:07]} 44. Kg2 {[%clk 0:00:06]} Rxa1
{[%clk 0:00:08]} 45. Rxb4 {[%clk 0:00:07]} d1=Q {[%clk 0:00:08]} 46. Bxd1
{[%clk 0:00:08]} Rxd1 {[%clk 0:00:08]} 47. Rb7+ {[%clk 0:00:09]} Kg8
{[%clk 0:00:10]} 48. hxg6 {[%clk 0:00:09]} Rd6 {[%clk 0:00:10]} 49. g7
{[%clk 0:00:09]} a5 {[%clk 0:00:06]} 50. Ra7 {[%clk 0:00:10]} a4 {[%clk 0:00:07]}
51. Kf3 {[%clk 0:00:11]} Rd4 {[%clk 0:00:07]} 52. Ke3 {[%clk 0:00:11]} Re4+
{[%clk 0:00:07]} 53. Kf3 {[%clk 0:00:12]} Rb4 {[%clk 0:00:07]} 54. Ke3
{[%clk 0:00:12]} Re4+ {[%clk 0:00:08]} 55. Kxe4 1/2-1/2

[Event "Russian Blitz Championship (m)"]
[Site "Sochi"]
[Date "2022.10.14"]
[Round "3.9"]
[White "Grebnev, Aleksey"]
[Black "Savchenko, Boris"]
[Result "0-1"]
[BlackElo "2530"]
[WhiteElo "2377"]
[LiveChessVersion "1.4.8"]

1. d4 {[%clk 0:03:02]} Nf6 {[%clk 0:03:03]} 2. c4 {[%clk 0:03:03]} e6
{[%clk 0:03:03]} 3. Nc3 {[%clk 0:03:04]} Bb4 {[%clk 0:03:04]} 4. Nf3
{[%clk 0:03:04]} O-O {[%clk 0:03:04]} 5. Bd2 {[%clk 0:03:05]} d5 {[%clk 0:03:05]}
6. e3 {[%clk 0:03:04]} b6 {[%clk 0:03:03]} 7. cxd5 {[%clk 0:03:05]} exd5
{[%clk 0:03:04]} 8. Bd3 {[%clk 0:03:05]} Bb7 {[%clk 0:03:03]} 9. O-O
{[%clk 0:03:04]} Bd6 {[%clk 0:03:02]} 10. Rc1 {[%clk 0:03:02]} c5
{[%clk 0:03:01]} 11. Ne5 {[%clk 0:02:28]} Nc6 {[%clk 0:03:01]} 12. Ng4
{[%clk 0:02:07]} cxd4 {[%clk 0:02:34]} 13. exd4 {[%clk 0:02:08]} Nb4
{[%clk 0:01:51]} 14. Bb1 {[%clk 0:02:01]} Ne4 {[%clk 0:01:47]} 15. a3
{[%clk 0:01:36]} Nxd2 {[%clk 0:01:27]} 16. Qxd2 {[%clk 0:01:30]} Nc6
{[%clk 0:01:18]} 17. g3 {[%clk 0:01:06]} f5 {[%clk 0:00:48]} 18. Ne3
{[%clk 0:00:58]} Ne7 {[%clk 0:00:05]} 19. f4 {[%clk 0:00:37]} Kh8
{[%clk 0:00:06]} 20. Rfe1 {[%clk 0:00:32]} Rc8 {[%clk 0:00:07]} 21. Ba2
{[%clk 0:00:20]} a6 {[%clk 0:00:08]} 22. Qg2 {[%clk 0:00:17]} b5 {[%clk 0:00:09]}
23. Ncxd5 {[%clk 0:00:07]} Rxc1 {[%clk 0:00:10]} 24. Rxc1 {[%clk 0:00:08]} Bb8
{[%clk 0:00:11]} 25. Qf3 Ba7 0-1

[Event "Russian Blitz Championship (m)"]
[Site "Sochi"]
[Date "2022.10.14"]
[Round "3.10"]
[White "Petrov, Nikita"]
[Black "Bryakin, Mikhail"]
[Result "1/2-1/2"]
[BlackElo "2367"]
[WhiteElo "2528"]
[LiveChessVersion "1.4.8"]

1. d4 {[%clk 0:03:03]} d5 {[%clk 0:03:02]} 2. c4 {[%clk 0:03:02]} e6
{[%clk 0:03:02]} 3. Nc3 {[%clk 0:03:01]} Nf6 {[%clk 0:03:03]} 4. Bg5
{[%clk 0:03:00]} Be7 {[%clk 0:03:04]} 5. e3 {[%clk 0:02:58]} h6 {[%clk 0:03:05]}
6. Bxf6 {[%clk 0:02:58]} Bxf6 {[%clk 0:03:06]} 7. Nf3 {[%clk 0:02:59]} O-O
{[%clk 0:03:05]} 8. Rc1 {[%clk 0:02:59]} b6 {[%clk 0:02:48]} 9. cxd5
{[%clk 0:03:00]} exd5 {[%clk 0:02:50]} 10. Bd3 {[%clk 0:02:52]} Bb7
{[%clk 0:02:43]} 11. b4 {[%clk 0:02:46]} c6 {[%clk 0:02:40]} 12. O-O
{[%clk 0:02:39]} Nd7 {[%clk 0:02:30]} 13. Qb3 {[%clk 0:02:34]} Re8
{[%clk 0:02:20]} 14. Rfe1 {[%clk 0:02:26]} Nf8 {[%clk 0:02:03]} 15. e4
{[%clk 0:02:09]} dxe4 {[%clk 0:01:51]} 16. Bxe4 {[%clk 0:02:09]} Qd7
{[%clk 0:00:58]} 17. Ne5 {[%clk 0:01:38]} Bxe5 {[%clk 0:00:59]} 18. dxe5
{[%clk 0:01:39]} Ne6 {[%clk 0:01:00]} 19. Rcd1 {[%clk 0:01:24]} Qe7
{[%clk 0:01:00]} 20. Rd6 {[%clk 0:01:20]} c5 {[%clk 0:00:57]} 21. Nd5
{[%clk 0:00:43]} Bxd5 {[%clk 0:00:57]} 22. Bxd5 {[%clk 0:00:42]} Rac8
{[%clk 0:00:58]} 23. Bxe6 {[%clk 0:00:33]} fxe6 {[%clk 0:00:59]} 24. bxc5
{[%clk 0:00:25]} Rxc5 {[%clk 0:01:00]} 25. Qd3 {[%clk 0:00:26]} Qg5
{[%clk 0:00:44]} 1/2-1/2

[Event "Russian Blitz Championship (m)"]
[Site "Sochi"]
[Date "2022.10.14"]
[Round "3.11"]
[White "Kabanov, Nikolai"]
[Black "Demidov, Mikhail"]
[Result "0-1"]
[BlackElo "2520"]
[WhiteElo "2367"]
[LiveChessVersion "1.4.8"]

1. e4 {[%clk 0:03:02]} Nf6 {[%clk 0:03:03]} 2. e5 {[%clk 0:03:02]} Nd5
{[%clk 0:03:04]} 3. d4 {[%clk 0:03:03]} d6 {[%clk 0:03:05]} 4. c4
{[%clk 0:03:04]} Nb6 {[%clk 0:03:07]} 5. f4 {[%clk 0:03:04]} dxe5
{[%clk 0:03:04]} 6. fxe5 {[%clk 0:03:04]} c5 {[%clk 0:03:02]} 7. d5
{[%clk 0:02:58]} g6 {[%clk 0:03:03]} 8. Bd3 {[%clk 0:02:45]} Bg7 {[%clk 0:03:03]}
9. Qe2 {[%clk 0:02:44]} O-O {[%clk 0:02:53]} 10. Nc3 {[%clk 0:02:37]} e6
{[%clk 0:02:31]} 11. d6 {[%clk 0:02:21]} Nc6 {[%clk 0:02:16]} 12. Nf3
{[%clk 0:02:21]} Nd4 {[%clk 0:02:17]} 13. Nxd4 {[%clk 0:02:12]} cxd4
{[%clk 0:02:08]} 14. Nb5 {[%clk 0:02:11]} f6 {[%clk 0:01:46]} 15. Bf4
{[%clk 0:01:50]} fxe5 {[%clk 0:01:13]} 16. Bxe5 {[%clk 0:01:49]} Qg5
{[%clk 0:01:14]} 17. Bxg7 {[%clk 0:00:51]} Kxg7 {[%clk 0:01:15]} 18. Rf1
{[%clk 0:00:51]} Bd7 {[%clk 0:01:01]} 19. Nc7 {[%clk 0:00:47]} Rxf1+
{[%clk 0:01:00]} 20. Kxf1 {[%clk 0:00:47]} Rf8+ {[%clk 0:00:33]} 21. Kg1
{[%clk 0:00:48]} Rf6 {[%clk 0:00:17]} 22. Qe4 {[%clk 0:00:31]} Bc6
{[%clk 0:00:12]} 23. Qe2 {[%clk 0:00:19]} Bd7 {[%clk 0:00:13]} 24. Qe4
{[%clk 0:00:19]} Bc6 {[%clk 0:00:11]} 25. Qe2 {[%clk 0:00:20]} e5
{[%clk 0:00:12]} 26. Re1 {[%clk 0:00:18]} Na4 {[%clk 0:00:07]} 27. b3
{[%clk 0:00:11]} Nc3 {[%clk 0:00:05]} 28. Qc2 {[%clk 0:00:06]} e4
{[%clk 0:00:06]} 29. Bf1 {[%clk 0:00:06]} Rxd6 {[%clk 0:00:05]} 0-1

[Event "Russian Blitz Championship (m)"]
[Site "Sochi"]
[Date "2022.10.14"]
[Round "3.12"]
[White "Ponkratov, Pavel"]
[Black "Babanin, Gleb"]
[Result "1-0"]
[BlackElo "2346"]
[WhiteElo "2515"]
[LiveChessVersion "1.4.8"]

1. g3 {[%clk 0:03:01]} d5 {[%clk 0:03:03]} 2. Nf3 {[%clk 0:03:02]} c5
{[%clk 0:03:01]} 3. Bg2 {[%clk 0:03:02]} Nc6 {[%clk 0:03:00]} 4. d4
{[%clk 0:03:03]} e6 {[%clk 0:03:00]} 5. O-O {[%clk 0:03:00]} cxd4
{[%clk 0:03:01]} 6. Nxd4 {[%clk 0:03:01]} Bc5 {[%clk 0:03:02]} 7. Nb3
{[%clk 0:02:48]} Bb6 {[%clk 0:03:03]} 8. Nc3 {[%clk 0:02:48]} Nf6
{[%clk 0:02:55]} 9. e4 {[%clk 0:02:49]} d4 {[%clk 0:02:02]} 10. Na4
{[%clk 0:02:43]} e5 {[%clk 0:01:57]} 11. Nxb6 {[%clk 0:02:23]} Qxb6
{[%clk 0:01:55]} 12. c3 {[%clk 0:02:23]} Be6 {[%clk 0:01:53]} 13. cxd4
{[%clk 0:02:14]} Bxb3 {[%clk 0:01:50]} 14. axb3 {[%clk 0:02:15]} Nxd4
{[%clk 0:01:50]} 15. Be3 {[%clk 0:02:16]} Rd8 {[%clk 0:01:30]} 16. f4
{[%clk 0:02:13]} h5 {[%clk 0:00:47]} 17. h3 {[%clk 0:02:02]} Nd7 {[%clk 0:00:18]}
18. fxe5 {[%clk 0:01:21]} Nf8 {[%clk 0:00:09]} 19. Kh1 {[%clk 0:01:17]} Nfe6
{[%clk 0:00:10]} 20. Ra4 {[%clk 0:01:13]} Qc5 {[%clk 0:00:08]} 21. Qe1
{[%clk 0:00:50]} a6 {[%clk 0:00:06]} 22. Ra5 {[%clk 0:00:49]} Qc2
{[%clk 0:00:05]} 23. Rd5 {[%clk 0:00:48]} O-O {[%clk 0:00:04]} 24. Qc3
{[%clk 0:00:47]} Qxc3 {[%clk 0:00:04]} 25. bxc3 {[%clk 0:00:47]} Nxb3
{[%clk 0:00:04]} 26. Rb1 {[%clk 0:00:48]} Rxd5 {[%clk 0:00:03]} 27. exd5
{[%clk 0:00:49]} Nec5 {[%clk 0:00:05]} 28. d6 {[%clk 0:00:49]} b5
{[%clk 0:00:04]} 29. Bd5 {[%clk 0:00:49]} 1-0

[Event "Russian Blitz Championship (m)"]
[Site "Sochi"]
[Date "2022.10.14"]
[Round "3.13"]
[White "Vastrukhin, Oleg"]
[Black "Shomoev, Anton"]
[Result "1/2-1/2"]
[BlackElo "2499"]
[WhiteElo "2345"]
[LiveChessVersion "1.4.8"]

1. Nf3 {[%clk 0:03:02]} Nf6 {[%clk 0:03:01]} 2. g3 {[%clk 0:03:03]} g6
{[%clk 0:03:01]} 3. Bg2 {[%clk 0:03:04]} Bg7 {[%clk 0:03:02]} 4. O-O
{[%clk 0:03:05]} O-O {[%clk 0:03:03]} 5. c4 {[%clk 0:03:06]} d5 {[%clk 0:03:01]}
6. cxd5 {[%clk 0:03:06]} Nxd5 {[%clk 0:03:02]} 7. Nc3 {[%clk 0:03:07]} Nc6
{[%clk 0:03:02]} 8. d3 {[%clk 0:03:07]} Nb6 {[%clk 0:02:57]} 9. Be3
{[%clk 0:03:06]} e5 {[%clk 0:02:45]} 10. Rc1 {[%clk 0:03:05]} h6 {[%clk 0:02:45]}
11. Qd2 {[%clk 0:02:50]} Kh7 {[%clk 0:02:46]} 12. Rfd1 {[%clk 0:02:49]} Nd4
{[%clk 0:02:43]} 13. Ne4 {[%clk 0:02:42]} Nd5 {[%clk 0:02:33]} 14. b4
{[%clk 0:02:10]} Bg4 {[%clk 0:02:08]} 15. Bxd4 {[%clk 0:02:09]} exd4
{[%clk 0:02:08]} 16. h3 {[%clk 0:02:01]} Bxf3 {[%clk 0:01:58]} 17. Bxf3
{[%clk 0:02:02]} Nc3 {[%clk 0:01:59]} 18. Nxc3 {[%clk 0:01:51]} dxc3
{[%clk 0:02:00]} 19. Qc2 {[%clk 0:01:46]} c6 {[%clk 0:01:32]} 20. d4
{[%clk 0:01:44]} a5 {[%clk 0:01:13]} 21. Qxc3 {[%clk 0:01:42]} axb4
{[%clk 0:01:14]} 22. Qxb4 {[%clk 0:01:43]} Qd7 {[%clk 0:01:12]} 23. a4
{[%clk 0:01:37]} Ra7 {[%clk 0:01:10]} 24. Kg2 {[%clk 0:01:22]} Rfa8
{[%clk 0:01:12]} 25. Rb1 {[%clk 0:01:23]} Kg8 {[%clk 0:00:59]} 26. d5
{[%clk 0:01:21]} cxd5 {[%clk 0:00:49]} 27. Rxd5 {[%clk 0:01:16]} Qxa4
{[%clk 0:00:49]} 28. Qxa4 {[%clk 0:01:15]} Rxa4 {[%clk 0:00:50]} 29. Rxb7
{[%clk 0:01:15]} R4a7 {[%clk 0:00:49]} 30. Rdd7 {[%clk 0:01:16]} Rxb7
{[%clk 0:00:49]} 31. Rxb7 {[%clk 0:01:13]} Rd8 {[%clk 0:00:34]} 32. Be4
{[%clk 0:01:10]} Bf6 {[%clk 0:00:32]} 33. Bd3 {[%clk 0:01:11]} Re8
{[%clk 0:00:33]} 34. Bc4 {[%clk 0:01:11]} Re7 {[%clk 0:00:34]} 35. Rb6
{[%clk 0:01:10]} Kg7 {[%clk 0:00:35]} 36. e3 {[%clk 0:01:10]} h5 {[%clk 0:00:36]}
37. Kf3 {[%clk 0:01:10]} Bc3 {[%clk 0:00:36]} 38. Rc6 {[%clk 0:01:10]} Bb4
{[%clk 0:00:36]} 39. g4 {[%clk 0:01:10]} hxg4+ {[%clk 0:00:37]} 40. hxg4
{[%clk 0:01:11]} Ba5 {[%clk 0:00:38]} 41. Bd5 {[%clk 0:01:07]} Bb4
{[%clk 0:00:37]} 42. Ke2 {[%clk 0:01:01]} Rd7 {[%clk 0:00:35]} 43. Bb3
{[%clk 0:00:57]} Rb7 {[%clk 0:00:36]} 44. f4 {[%clk 0:00:52]} Ba5
{[%clk 0:00:37]} 45. Bc4 {[%clk 0:00:52]} Rc7 {[%clk 0:00:38]} 46. Rxc7
{[%clk 0:00:43]} Bxc7 {[%clk 0:00:39]} 47. Kf3 {[%clk 0:00:44]} f6
{[%clk 0:00:40]} 48. e4 {[%clk 0:00:45]} g5 {[%clk 0:00:41]} 49. f5
{[%clk 0:00:42]} 1/2-1/2